[Event "Tournoi des Jeunes Maitres"]
[Site "www.ceg.ch"]
[Date "2010.08.07"]
[Round "1"]
[White "Dovzik, Juri"]
[Black "De Seroux, Camille"]
[Result "1-0"]
[WhiteElo "2381"]
[BlackElo "2008"]
[PlyCount "101"]
[EventDate "2010.??.??"]

1. e4 c5 2. Nf3 d6 3. Bb5+ Bd7 4. Bxd7+ Qxd7 5. O-O Nf6 6. e5 dxe5 7. Nxe5 Qc8
8. Qf3 Nbd7 9. Nc4 e6 10. Nc3 Nb6 11. Nxb6 axb6 12. d3 Be7 13. Bg5 Qc6 14. Qe2
O-O 15. a4 Nd5 16. Bxe7 Nxe7 17. b3 Nf5 18. Rac1 Nd4 19. Qe5 Rfd8 20. Rfe1 Rd7
21. Ne4 Qd5 22. Qg3 Qf5 23. Nd2 Qg6 24. Qe3 Nf5 25. Qf4 Nd6 26. Nf3 Qf6 27. Qd2
Rdd8 28. Ne5 Ra5 29. Ng4 Qd4 30. Qe2 Nf5 31. Qf3 Qd5 32. Qf4 Ra6 33. Ne5 Qd4
34. Re4 Qc3 35. Nc4 Qf6 36. h3 Nd6 37. Qxf6 gxf6 38. Rg4+ Kh8 39. Na3 Rg8 40.
Rf4 Rg6 41. Kf1 Ra8 42. Rd1 Kg7 43. Nc4 e5 44. Rf3 Nc8 45. Re3 Kf8 46. Rde1 Ne7
47. Nxb6 Rd8 48. Re4 Nf5 49. Rc4 Rd6 50. a5 Rc6 51. Rxc5 1-0

[Event "Tournoi des Jeunes Maitres"]
[Site "www.ceg.ch"]
[Date "2010.08.07"]
[Round "1"]
[White "Peric, Slavisa"]
[Black "Stoeri, Simon"]
[Result "1-0"]
[WhiteElo "2215"]
[BlackElo "2058"]
[PlyCount "61"]
[EventDate "2010.??.??"]

1. d4 Nf6 2. Nf3 g6 3. Nc3 d5 4. Bf4 c6 5. Qd2 Bg7 6. Bh6 O-O 7. Bxg7 Kxg7 8.
e3 Nbd7 9. Bd3 Qc7 10. e4 e5 11. O-O-O dxe4 12. Bxe4 Qa5 13. Rhe1 exd4 14. Qxd4
Qb6 15. h3 Nc5 16. g3 Re8 17. Nd2 Be6 18. Bf3 Rad8 19. Qf4 Ncd7 20. Qh4 Qa5 21.
Nde4 Nxe4 22. Nxe4 Bf5 23. Nc3 Nf6 24. g4 Rxd1+ 25. Rxd1 Be6 26. g5 Nd7 27. Bg4
Nc5 28. Kb1 b5 29. Bxe6 Nxe6 30. Qh6+ Kg8 31. Ne4 1-0

[Event "Tournoi des Jeunes Maitres"]
[Site "www.ceg.ch"]
[Date "2010.08.07"]
[Round "1"]
[White "Meszaros, Gyula"]
[Black "Fabre, Mathias"]
[Result "1-0"]
[WhiteElo "2437"]
[BlackElo "2097"]
[PlyCount "136"]
[EventDate "2010.??.??"]
[TimeControl "5400"]

1. d4 Nf6 2. Bg5 Ne4 3. Bf4 c5 4. f3 Qa5+ 5. c3 Nf6 6. Nd2 cxd4 7. Nb3 Qb6 8.
Qxd4 Nc6 9. Qxb6 axb6 10. Nd4 e5 11. Nxc6 exf4 12. Nd4 Nd5 13. e4 Ne3 14. g3
Nxf1 15. Kxf1 Bd6 16. Nf5 Be5 17. gxf4 Bxf4 18. Nxg7+ Kf8 19. Nh5 Be5 20. a3
Ra5 21. Rc1 d5 22. Ng3 Be6 23. N1e2 dxe4 24. fxe4 Rg8 25. Kf2 Rg4 26. Kf3 Rg6
27. Nd4 Bh3 28. Rcg1 Rf6+ 29. Ke3 Bf4+ 30. Kd3 Rd6 31. Nge2 Be5 32. Ke3 Rf6 33.
Nf3 Bd6 34. Ng5 Rh6 35. Nd4 Rh4 36. Kd3 h6 37. Ngf3 Rf4 38. Rg3 Rh5 39. Rhg1
Bd7 40. Rg8+ Ke7 41. b4 Rh3 42. R1g3 Rh5 43. Rg2 Bh3 44. Rg1 Bd7 45. h4 b5 46.
Ke3 Rf6 47. Ne2 Bc6 48. Ned4 Bd7 49. Rh8 Bf4+ 50. Kd3 Bd6 51. Rgg8 Rf4 52. Ke3
Rg4 53. Rxg4 Bxg4 54. e5 Bc7 55. Nxb5 Bb6+ 56. Nbd4 Bxf3 57. Kxf3 Bxd4 58. cxd4
Rxh4 59. Ke3 h5 60. d5 Rh1 61. Rb8 Rh3+ 62. Kf4 Rxa3 63. Rxb7+ Ke8 64. Rb8+ Kd7
65. Rf8 Ke7 66. Rh8 Rb3 67. d6+ Kd7 68. Rf8 Rxb4+ 1-0

[Event "Tournoi des jeunes Maitres"]
[Site "?"]
[Date "2010.08.07"]
[Round "1"]
[White "Okhotnik, Vladimir"]
[Black "Duport, Nicolas"]
[Result "1-0"]
[WhiteElo "2467"]
[BlackElo "2128"]
[PlyCount "71"]
[EventDate "2010.08.07"]

1. e4 c6 2. Nf3 d5 3. exd5 cxd5 4. Ne5 Nc6 5. d4 Nf6 6. Nc3 e6 7. Bb5 Qc7 8.
O-O Bd6 9. f4 O-O 10. Be3 a6 11. Bd3 Qb6 12. Na4 Qa7 13. Rf3 Nb4 14. Rh3 Nxd3
15. cxd3 Bd7 16. Nxd7 Nxd7 17. Qh5 Nf6 18. Qh4 b5 19. Nc5 Rfc8 20. Rc1 Qe7 21.
g4 g6 22. f5 exf5 23. Bg5 Rxc5 24. dxc5 Bxc5+ 25. Kh1 Bd4 26. gxf5 Bxb2 27. Re1
Qd6 28. fxg6 fxg6 29. Bxf6 Qxf6 30. Qxh7+ Kf8 31. Qh6+ Kf7 32. Rhe3 Rh8 33.
Re7+ Qxe7 34. Rxe7+ Kxe7 35. Qe3+ Kf6 36. Qf2+ 1-0

[Event "Tournoi des jeunes Maitres"]
[Site "?"]
[Date "2010.08.07"]
[Round "1"]
[White "Hajnal, Zoltan"]
[Black "Bertola, Numa"]
[Result "1-0"]
[WhiteElo "2397"]
[BlackElo "2017"]
[PlyCount "59"]
[EventDate "2010.08.07"]

1. e4 c5 2. Nf3 d6 3. d4 cxd4 4. Nxd4 Nf6 5. Nc3 a6 6. Be3 Ng4 7. Bc1 Nc6 8.
Be2 Nf6 9. Be3 e6 10. Qd2 Be7 11. O-O-O Qc7 12. f3 b5 13. Nxc6 Qxc6 14. Bd3 Bb7
15. Kb1 O-O 16. g4 Rac8 17. Ne2 e5 18. g5 Nd7 19. Ng3 g6 20. h4 Nc5 21. h5 Nxd3
22. cxd3 d5 23. Qh2 d4 24. hxg6 Qxg6 25. Nf5 Rce8 26. Nh6+ Kh8 27. Qxe5+ Bf6
28. Qxf6+ Qxf6 29. gxf6 dxe3 30. Rdg1 1-0

[Event "Tournoi des Jeunes Maitres"]
[Site "?"]
[Date "2010.08.08"]
[Round "2"]
[White "de Seroux, Camille"]
[Black "Meszaros, Gyula"]
[Result "0-1"]
[WhiteElo "2008"]
[BlackElo "2437"]
[PlyCount "77"]
[EventDate "2010.08.09"]
[SourceDate "2010.08.09"]

1. e4 d6 2. d4 Nf6 3. Nc3 c6 4. Bg5 Nbd7 5. Qd2 e5 6. f4 h6 7. Bxf6 Qxf6 8.
Nge2 Be7 9. g3 O-O 10. Bg2 Nb6 11. b3 exd4 12. Nxd4 Qg6 13. O-O Bd7 14. Rae1
Rad8 15. a4 Na8 16. Nd1 Rfe8 17. Ne3 Bf8 18. Nc4 Bc8 19. Kh1 Nc7 20. Qa5 Na6
21. Re3 d5 22. Ne5 Qf6 23. Qe1 Nb4 24. exd5 c5 25. Nb5 Nxc2 26. Qc3 Nxe3 27.
Qxe3 Qb6 28. Qc3 a6 29. Nc4 Qg6 30. Nba3 Qh5 31. Ne5 f6 32. Bf3 Qh3 33. Bg2 Qf5
34. Nec4 Qh5 35. Bf3 Bg4 36. Bxg4 Qxg4 37. Nc2 Rxd5 38. N4e3 Qe2 39. Kg1 0-1

[Event "Tournoi des Jeunes Maitres"]
[Site "?"]
[Date "2010.08.08"]
[Round "2"]
[White "Stoerri, Simon"]
[Black "Okhotnik, Vladimir"]
[Result "1-0"]
[WhiteElo "2058"]
[BlackElo "2467"]
[PlyCount "69"]
[EventDate "2010.08.09"]
[SourceDate "2010.08.09"]

1. e4 c6 2. d4 g6 3. Nc3 Bg7 4. h3 d6 5. Nf3 Nf6 6. Bg5 Qb6 7. Rb1 O-O 8. Bd3
Nbd7 9. O-O e5 10. dxe5 Nxe5 11. Nxe5 dxe5 12. Qf3 Nh5 13. Bc4 Qc7 14. Ne2 h6
15. g4 Be6 16. Bxe6 fxe6 17. Qb3 Nf4 18. Bxf4 exf4 19. Qxe6+ Kh7 20. Rfd1 Rae8
21. Rd7 Qa5 22. Qd6 Qxa2 23. Rd1 Qxb2 24. Nd4 Rg8 25. Ne6 Kh8 26. Nxf4 g5 27.
Ng6+ Kh7 28. Ne7 Rxe7 29. Qxe7 Qxc2 30. Qe6 Qc3 31. Rd8 Rf8 32. Rxf8 Bxf8 33.
Rd7+ Kh8 34. Rd8 Qc1+ 35. Kg2 1-0

[Event "Tournoi des Jeunes Maitres"]
[Site "?"]
[Date "2010.08.08"]
[Round "2"]
[White "Duport, Nicolas"]
[Black "Hajnal, Zoltan"]
[Result "1/2-1/2"]
[WhiteElo "2128"]
[BlackElo "2397"]
[PlyCount "49"]
[EventDate "2010.08.09"]
[SourceDate "2010.08.09"]

1. d4 d5 2. c4 c6 3. Nc3 dxc4 4. e3 b5 5. a4 b4 6. Ne4 Qd5 7. Ng3 Nf6 8. Be2 a5
9. Nf3 Ba6 10. O-O Nbd7 11. Qc2 b3 12. Qb1 e5 13. e4 Qe6 14. Be3 h6 15. Qc1 Ng4
16. Bd2 Bb4 17. Bxb4 axb4 18. h3 Ngf6 19. dxe5 Nxe5 20. Nxe5 Qxe5 21. Bxc4 O-O
22. Bxa6 Rxa6 23. Qc4 Rfa8 24. Qxb4 Qxb2 25. Rfb1 1/2-1/2

[Event "Tournoi des Jeunes Maitres"]
[Site "?"]
[Date "2010.08.08"]
[Round "2"]
[White "Bertola, Numa"]
[Black "Dovzik, Juri"]
[Result "0-1"]
[WhiteElo "2017"]
[BlackElo "2381"]
[PlyCount "108"]
[EventDate "2010.08.09"]
[SourceDate "2010.08.09"]

1. e4 c6 2. d4 Na6 3. f4 Nc7 4. Nf3 d5 5. e5 h5 6. Bd3 g6 7. c4 Nh6 8. Nc3 Bg7
9. O-O Nf5 10. cxd5 Nxd5 11. Bxf5 Bxf5 12. Nh4 e6 13. Nxf5 gxf5 14. Qb3 Qb6 15.
Qxb6 Nxb6 16. b3 O-O-O 17. Rd1 Bf8 18. Bb2 Be7 19. Kf2 Rd7 20. Rac1 Rhd8 21.
Ke3 Bb4 22. Ne2 Kb8 23. a3 Be7 24. b4 Na4 25. Rc2 Rd5 26. Rdc1 a5 27. Nc3 Nxc3
28. Bxc3 axb4 29. axb4 R8d7 30. Ra1 Bd8 31. Rd2 Bb6 32. Rad1 Bd8 33. Ra1 f6 34.
exf6 Bxf6 35. Ra5 Rxa5 36. bxa5 Ka7 37. Re2 c5 38. Rd2 Rd5 39. Bb2 Ka6 40. Bc3
cxd4+ 41. Bxd4 Bxd4+ 42. Rxd4 Rxd4 43. Kxd4 Kxa5 44. Ke5 b5 45. Kxe6 b4 46.
Kxf5 b3 47. Kg5 b2 48. Kxh5 b1=Q 49. g4 Kb6 50. f5 Kc7 51. Kg6 Kd6 52. Kg7 Ke5
53. f6 Qb7+ 54. Kg6 Qe4+ 0-1

[Event "Tournoi des Jeunes Maitres"]
[Site "?"]
[Date "2010.08.08"]
[Round "2"]
[White "Fabre, Mathias"]
[Black "Peric, Slavisa"]
[Result "0-1"]
[WhiteElo "2097"]
[BlackElo "2215"]
[PlyCount "164"]
[EventDate "2010.08.09"]
[SourceDate "2010.08.09"]

1. d4 e6 2. c4 Bb4+ 3. Nc3 c5 4. d5 Nf6 5. f3 e5 6. Qc2 d6 7. Bg5 Nbd7 8. e3
Qa5 9. Bd3 a6 10. Nge2 b5 11. a3 bxc4 12. Bxc4 Nb6 13. Ba2 Bxc3+ 14. Qxc3 Qxc3+
15. Nxc3 Bf5 16. O-O Bd3 17. Rfd1 c4 18. Rac1 Nfd7 19. Rxd3 cxd3 20. Ne4 O-O
21. Nxd6 f6 22. Bh4 Rfd8 23. e4 Na4 24. b4 d2 25. Rd1 Nc3 26. Rxd2 Nxa2 27.
Rxa2 Nb6 28. Nf5 Kf8 29. Bf2 Na4 30. Bc5+ Kf7 31. Nd6+ Kg8 32. Rc2 Rd7 33. Nc4
Rc8 34. Nb2 Nxb2 35. Rxb2 Kf7 36. Kf2 Rb7 37. Rd2 a5 38. Ke3 axb4 39. axb4 Ra8
40. Kd3 Ra1 41. Rc2 Ke8 42. Rb2 Kd7 43. h3 Rd1+ 44. Kc2 Ra1 45. Kb3 Rb8 46. Rc2
Raa8 47. Kc4 Ra4 48. Rf2 Ra1 49. f4 exf4 50. Rxf4 Re1 51. g4 Re8 52. Kd4 Rd1+
53. Kc3 Rh1 54. g5 Rxh3+ 55. Kd4 Rh1 56. gxf6 gxf6 57. b5 Rd1+ 58. Kc4 Rc8 59.
Rxf6 Rc1+ 60. Kd4 R8xc5 61. Rf7+ Ke8 62. Rxh7 Rxb5 63. Ke5 Rc4 64. Rh4 Ke7 65.
Rh7+ Kf8 66. Rh4 Kf7 67. Rf4+ Ke7 68. Rh4 Rb6 69. Rh7+ Ke8 70. Rh4 Kf7 71. Rh7+
Kg6 72. Rh1 Rb8 73. Rg1+ Kf7 74. Rg4 Re8+ 75. Kf5 Rh8 76. Ke5 Re8+ 77. Kf5 Ke7
78. Rg6 Rh8 79. d6+ Kd7 80. e5 Rh5+ 81. Rg5 Rxg5+ 82. Kxg5 Ke6 0-1

[Event "Tournoi des Jeunes Maitres"]
[Site "?"]
[Date "2010.08.09"]
[Round "3"]
[White "Okhotnik, Vladimir"]
[Black "Fabre, Mathias"]
[Result "1-0"]
[WhiteElo "2467"]
[BlackElo "2097"]
[PlyCount "125"]
[EventDate "2010.08.09"]
[SourceDate "2010.08.09"]

1. e4 c5 2. Nf3 d6 3. Bb5+ Nd7 4. O-O Ngf6 5. Re1 g6 6. c3 Bg7 7. d4 O-O 8. e5
Ne8 9. Bg5 dxe5 10. dxe5 Nc7 11. Bc4 Ne6 12. Bh4 Nxe5 13. Nxe5 Qxd1 14. Rxd1
Bxe5 15. Bxe7 Re8 16. Bxe6 Bxe6 17. Bxc5 Rad8 18. Nd2 a6 19. Nf3 Rxd1+ 20. Rxd1
Bg7 21. a3 h5 22. h3 Rc8 23. Bb6 Bf6 24. Bd4 Kg7 25. Bxf6+ Kxf6 26. Rd6 Rc6 27.
Rxc6 bxc6 28. Nd2 Bd5 29. h4 Ke5 30. g3 f6 31. f4+ Kf5 32. Kf2 g5 33. fxg5 fxg5
34. hxg5 Kxg5 35. c4 Be6 36. Nf3+ Kf6 37. b3 c5 38. Ne1 Ke5 39. Ke3 Bg4 40.
Nd3+ Kd6 41. b4 cxb4 42. axb4 Be6 43. Kd4 Bf5 44. Nc5 Bc8 45. Ne4+ Ke6 46. Nf2
Kd6 47. Nd1 Bg4 48. Ne3 Bf3 49. Nd5 Be2 50. Nc3 Bf3 51. Ne4+ Kc6 52. Nc5 Kb6
53. Nd7+ Kc7 54. Ne5 Bg2 55. Kc5 Be4 56. Nf7 Bc6 57. Ng5 Bd7 58. Ne4 Bc6 59.
Nf6 Bf3 60. Nd5+ Kb7 61. Kd6 Be2 62. c5 Bb5 63. Ne7 1-0

[Event "Tournoi des Jeunes Maitres"]
[Site "?"]
[Date "2010.08.09"]
[Round "3"]
[White "Meszaros, Gyula"]
[Black "Bertola, Numa"]
[Result "1-0"]
[WhiteElo "2437"]
[BlackElo "2017"]
[PlyCount "61"]
[EventDate "2010.08.09"]
[SourceDate "2010.08.09"]

1. c4 Nf6 2. g3 e6 3. Bg2 d5 4. d4 c5 5. Nf3 Nc6 6. cxd5 exd5 7. O-O cxd4 8.
Nxd4 Be7 9. Nc3 h6 10. Qa4 Bd7 11. Nxd5 Nxd5 12. Bxd5 Nb4 13. Qb3 Nxd5 14. Qxd5
Bc6 15. Qxd8+ Rxd8 16. Nxc6 bxc6 17. Be3 Bf6 18. Rab1 O-O 19. Rfc1 Bd4 20. Bxd4
Rxd4 21. Kf1 Rd6 22. Rd1 Re6 23. Rbc1 Rb8 24. b3 a5 25. Rd4 Rb5 26. Rd8+ Kh7
27. Rc4 Rh5 28. h4 g5 29. Rc5 Kg6 30. Rg8+ Kf6 31. Ra8 1-0

[Event "Tournoi des Jeunes Maitres"]
[Site "?"]
[Date "2010.08.09"]
[Round "3"]
[White "Hajnal, Zoltan"]
[Black "Stoerri, Simon"]
[Result "1-0"]
[WhiteElo "2397"]
[BlackElo "2058"]
[PlyCount "53"]
[EventDate "2010.08.09"]
[SourceDate "2010.08.09"]

1. e4 c5 2. Nf3 d6 3. d4 cxd4 4. Qxd4 Nc6 5. Bb5 Bd7 6. Bxc6 Bxc6 7. Nc3 Nf6 8.
Bg5 e6 9. O-O-O Be7 10. Rhe1 O-O 11. Qd2 Qc7 12. Nd4 Rfd8 13. f3 a6 14. g4 b5
15. h4 Rac8 16. Kb1 Bd7 17. Rg1 Kh8 18. h5 Qc4 19. h6 b4 20. hxg7+ Kg8 21. Nce2
e5 22. Bxf6 Bxf6 23. Nf5 Bxf5 24. gxf5 d5 25. Ng3 dxe4 26. Nxe4 Bg5 27. Rxg5
1-0

[Event "Tournoi des Jeunes Maitres"]
[Site "?"]
[Date "2010.08.09"]
[Round "3"]
[White "Peric, Slavisa"]
[Black "de Seroux, Camille"]
[Result "1-0"]
[WhiteElo "2215"]
[BlackElo "2008"]
[PlyCount "81"]
[EventDate "2010.08.09"]
[SourceDate "2010.08.09"]

1. d4 Nf6 2. Nc3 d5 3. Bg5 Nbd7 4. e3 g6 5. Nf3 Bg7 6. Bd3 O-O 7. b4 c6 8. O-O
h6 9. Bh4 g5 10. Bg3 Nh5 11. Be5 Nxe5 12. Nxe5 Nf6 13. f4 gxf4 14. Rxf4 Nd7 15.
Nxd7 Bxd7 16. Bf5 e6 17. Bh3 e5 18. Rf3 Bxh3 19. Rxh3 exd4 20. exd4 Qb6 21. Ne2
Qxb4 22. c3 Qe7 23. Nf4 Kh7 24. Qd2 Rae8 25. Rf1 f5 26. Qd1 Qf7 27. Rg3 Rg8 28.
Rgf3 Re4 29. Nd3 Qg6 30. g3 Rf8 31. Kh1 Qg5 32. h4 Rxh4+ 33. gxh4 Qxh4+ 34. Kg2
Be5 35. R1f2 Rg8+ 36. Kf1 Bh2 37. Rg2 Re8 38. Nf2 Bd6 39. Rxf5 Bg3 40. Qd3 Qh1+
41. Rg1 1-0

[Event "Tournoi des Jeunes Maitres"]
[Site "?"]
[Date "2010.08.09"]
[Round "3"]
[White "Dovzik, Juri"]
[Black "Duport, Nicolas"]
[Result "1-0"]
[WhiteElo "2381"]
[BlackElo "2128"]
[PlyCount "115"]
[EventDate "2010.08.09"]
[SourceDate "2010.08.09"]

1. d4 Nf6 2. c4 g6 3. g3 Bg7 4. Bg2 d5 5. cxd5 Nxd5 6. e4 Nb6 7. Ne2 c5 8. d5
e6 9. Nbc3 O-O 10. O-O Na6 11. h3 exd5 12. Nxd5 Nxd5 13. exd5 Bf5 14. g4 Bd7
15. Bf4 Qb6 16. Qd2 Rfe8 17. Nc3 c4 18. Rab1 Nc5 19. Be3 Rac8 20. d6 Re6 21.
Rfd1 Be5 22. Qe2 Qa6 23. Bd5 Nd3 24. Bxe6 Bxe6 25. Ne4 Qc6 26. f3 Bd5 27. Rxd3
cxd3 28. Qxd3 Bxe4 29. Qxe4 Qxe4 30. fxe4 Bxd6 31. Bxa7 Ra8 32. Bd4 Rxa2 33.
Bf6 Ra6 34. e5 Bc5+ 35. Kg2 Kf8 36. b4 Be7 37. g5 Ke8 38. b5 Rb6 39. Kf3 Kd7
40. Ke4 Ke6 41. Rb3 Bxf6 42. gxf6 Kd7 43. Kd5 Kc7 44. Kc5 Re6 45. Re3 Kd7 46.
Re1 Kc7 47. Re2 Kd7 48. Rd2+ Kc7 49. Rd5 h6 50. h4 h5 51. Kd4 Re8 52. b6+ Kxb6
53. Rd7 Rf8 54. Kd5 g5 55. hxg5 Rh8 56. Rxf7 h4 57. g6 h3 58. Rh7 1-0

[Event "Tournoi des Jeunes Maitres"]
[Site "?"]
[Date "2010.08.10"]
[Round "4"]
[White "de Seroux, Camille"]
[Black "Okhotnik, Vladimir"]
[Result "0-1"]
[WhiteElo "2008"]
[BlackElo "2467"]
[PlyCount "42"]
[EventDate "2010.08.09"]
[SourceDate "2010.08.10"]

1. e4 Nc6 2. Nf3 d6 3. d4 Nf6 4. Nc3 Bg4 5. Be3 e6 6. h3 Bh5 7. d5 exd5 8. exd5
Ne5 9. g4 Nxf3+ 10. Qxf3 Bg6 11. O-O-O Be7 12. h4 h5 13. Bb5+ Nd7 14. Qg2 hxg4
15. Rde1 a6 16. h5 Rxh5 17. Bxd7+ Qxd7 18. Bg5 f6 19. Rxh5 Bxh5 20. Qh1 O-O-O
21. Qxh5 fxg5 {(+)} 0-1

[Event "Tournoi des Jeunes Maitres"]
[Site "?"]
[Date "2010.08.10"]
[Round "4"]
[White "Duport, Nicolas"]
[Black "Meszaros, Gyula"]
[Result "1/2-1/2"]
[WhiteElo "2128"]
[BlackElo "2437"]
[PlyCount "98"]
[EventDate "2010.08.09"]
[SourceDate "2010.08.10"]

1. d4 d6 2. Nf3 Nf6 3. g3 c5 4. d5 b5 5. a4 Bb7 6. e4 Nxe4 7. Bxb5+ Nd7 8. O-O
e5 9. Re1 Nef6 10. Nxe5 dxe5 11. Rxe5+ Be7 12. d6 O-O 13. dxe7 Nxe5 14. exd8=Q
Raxd8 15. Nd2 Rxd2 16. Bxd2 Nf3+ 17. Qxf3 Bxf3 18. Be3 Rc8 19. Re1 h6 20. Be2
Bxe2 21. Rxe2 Nd5 22. Kg2 f6 23. f4 Kf7 24. Kf3 h5 25. Rd2 Nxe3 26. Kxe3 Ke6
27. Ke4 g6 28. h3 Rb8 29. c3 Rb6 30. f5+ gxf5+ 31. Kf4 h4 32. gxh4 Ra6 33. Re2+
Kf7 34. Kxf5 c4 35. Rd2 Ra5+ 36. Kg4 Rxa4 37. Rd7+ Kg6 38. h5+ Kh6 39. Rd6 Kg7
40. Rc6 Ra2 41. Rxc4 Rxb2 42. Rc7+ Kh6 43. Rxa7 Rg2+ 44. Kf3 Rc2 45. Rc7 Kxh5
46. c4 Kg5 47. c5 Rc3+ 48. Ke4 f5+ 49. Ke5 Re3+ 1/2-1/2

[Event "Tournoi des Jeunes Maitres"]
[Site "?"]
[Date "2010.08.10"]
[Round "4"]
[White "Fabre, Mathias"]
[Black "Hajnal, Zoltan"]
[Result "0-1"]
[WhiteElo "2097"]
[BlackElo "2397"]
[PlyCount "84"]
[EventDate "2010.08.09"]
[SourceDate "2010.08.10"]

1. d4 d5 2. c4 c6 3. Nf3 Nf6 4. Nc3 dxc4 5. a4 Bf5 6. e3 e6 7. Bxc4 Bb4 8. O-O
O-O 9. Qe2 Nbd7 10. e4 Bg6 11. Bd3 Bh5 12. e5 Nd5 13. Nxd5 cxd5 14. Qe3 Re8 15.
Ng5 Bg6 16. f4 Rc8 17. Qh3 Bxd3 18. Qxd3 f5 19. exf6 Nxf6 20. Nf3 Ne4 21. Bd2
Qa5 22. Bxb4 Qxb4 23. Qb5 Qd6 24. Ne5 a6 25. Qxb7 Rc7 26. Qb3 Nd2 27. Qd3 Nxf1
28. Rxf1 Qb4 29. b3 a5 30. Nf3 Rc3 31. Qa6 Rxb3 32. Qc6 Qb8 33. Ng5 Rb1 34.
Rxb1 Qxb1+ 35. Kf2 Qg6 36. g3 h6 37. Nf3 Rb8 38. Qc3 Qb1 39. g4 Rb2+ 40. Kg3
Rb3 41. Qc8+ Kh7 42. Kf2 Qe4 0-1

[Event "Tournoi des Jeunes Maitres"]
[Site "?"]
[Date "2010.08.10"]
[Round "4"]
[White "Stoerri, Simon"]
[Black "Dovzik, Juri"]
[Result "0-1"]
[WhiteElo "2058"]
[BlackElo "2381"]
[PlyCount "90"]
[EventDate "2010.08.09"]
[SourceDate "2010.08.10"]

1. e4 c5 2. Nf3 Nc6 3. d4 cxd4 4. Nxd4 e6 5. Nb5 d6 6. c4 Nf6 7. N1c3 a6 8. Na3
b6 9. Be3 Bb7 10. Be2 Be7 11. O-O Nb8 12. f3 Nbd7 13. Rc1 O-O 14. Kh1 Qc7 15.
Qc2 Rac8 16. Rfd1 Rfe8 17. Qb1 Qb8 18. Bf4 Nh5 19. Be3 Nhf6 20. Bf4 h6 21. b4
Nh5 22. Be3 Nhf6 23. Bf4 g5 24. Bg3 Nh5 25. Bf2 Nf4 26. Bf1 Bd8 27. Qb3 Ne5 28.
Ne2 Nfg6 29. Nd4 g4 30. Be2 gxf3 31. gxf3 Kh7 32. c5 dxc5 33. bxc5 Nf4 34. Bg3
Nxe2 35. Nxe2 Rxc5 36. Rd7 Qc8 37. Rd2 Bg5 38. Bf4 Bxf4 39. Nxf4 Rc3 40. Qb4
Nxf3 41. Nh5 Nxd2 42. Nf6+ Kh8 43. Nxe8 Bxe4+ 44. Kg1 Qc5+ 45. Qxc5 Rxc5 0-1

[Event "Tournoi des Jeunes Maitres"]
[Site "?"]
[Date "2010.08.10"]
[Round "4"]
[White "Bertola, Numa"]
[Black "Peric, Slavisa"]
[Result "0-1"]
[WhiteElo "2017"]
[BlackElo "2215"]
[PlyCount "90"]
[EventDate "2010.08.09"]
[SourceDate "2010.08.10"]

1. e4 e6 2. d4 d5 3. Nc3 Bb4 4. e5 Qd7 5. a3 Bxc3+ 6. bxc3 b6 7. a4 Ba6 8. Bxa6
Nxa6 9. Nf3 Nb8 10. O-O Nc6 11. Qd3 Na5 12. Nd2 Ne7 13. Ba3 O-O 14. f4 g6 15.
c4 Nxc4 16. Nxc4 dxc4 17. Qxc4 Rfd8 18. Bxe7 Qxe7 19. Rfd1 Rd5 20. Rd3 Rad8 21.
Rad1 Qd7 22. Qb4 Qc8 23. Qb2 Qa6 24. Qb3 c6 25. c4 Ra5 26. d5 cxd5 27. cxd5
Rdxd5 28. Rxd5 exd5 29. Rxd5 Rxa4 30. Rd1 Qc4 31. Qxc4 Rxc4 32. Rd8+ Kg7 33.
Rd7 a5 34. Rb7 Rc6 35. Kf2 h5 36. Kf3 Kf8 37. Ke4 Rc4+ 38. Kd5 Rxf4 39. Rxb6
Rf2 40. Ra6 Rxg2 41. Rxa5 Rxh2 42. Ke4 Rf2 43. Ke3 Rf5 44. Ke4 Ke7 45. Ra7+ Ke6
0-1

[Event "Tournoi des Jeunes Maitres"]
[Site "?"]
[Date "2010.08.11"]
[Round "5"]
[White "Meszaros, Gyula"]
[Black "Stoerri, Simon"]
[Result "1-0"]
[WhiteElo "2437"]
[BlackElo "2059"]
[PlyCount "31"]
[EventDate "2010.08.09"]
[SourceDate "2010.08.11"]

1. d4 Nf6 2. Nc3 d5 3. Bg5 Nbd7 4. Nf3 g6 5. e3 Bg7 6. Bd3 O-O 7. O-O h6 8. Bf4
c5 9. Ne5 b6 10. Nc6 Qe8 11. Nb5 Nb8 12. Nxb8 Rxb8 13. Bxb8 Bd7 14. Bxa7 Bxb5
15. dxc5 bxc5 16. Bxc5 1-0

[Event "Tournoi des Jeunes Maitres"]
[Site "?"]
[Date "2010.08.11"]
[Round "5"]
[White "Peric, Slavisa"]
[Black "Duport, Nicolas"]
[Result "1/2-1/2"]
[WhiteElo "2215"]
[BlackElo "2128"]
[PlyCount "92"]
[EventDate "2010.08.09"]
[SourceDate "2010.08.11"]

1. d4 Nf6 2. Nf3 g6 3. Bg5 Bg7 4. Nbd2 O-O 5. c3 d6 6. e3 Nbd7 7. Be2 e5 8. O-O
Qe8 9. Bh4 h6 10. h3 Kh8 11. dxe5 dxe5 12. Bg3 a6 13. Ne1 Nh7 14. e4 Ng5 15. f3
Nf6 16. Nd3 Nh5 17. Bh2 Qe7 18. h4 Ne6 19. g3 b5 20. a4 Bd7 21. axb5 axb5 22.
Rxa8 Rxa8 23. f4 exf4 24. Bxh5 gxh5 25. Qxh5 Qd6 26. Qd5 Qb6+ 27. Nf2 Bc6 28.
Qh5 fxg3 29. Bxg3 Qe3 30. Nf3 Bxe4 31. Kg2 Bb7 32. Nh3 Ra2 33. Rf2 Bxf3+ 34.
Qxf3 Qxf3+ 35. Kxf3 Kg8 36. Re2 Kf8 37. Nf2 Ke7 38. Nd1 Kd7 39. Ne3 c5 40. Nf5
Bf8 41. Be5 Ra1 42. Rd2+ Kc6 43. Kf2 Ra4 44. Kf3 Ra1 45. Kf2 Ra4 46. Kf3 Ra1
1/2-1/2

[Event "Tournoi des Jeunes Maitres"]
[Site "?"]
[Date "2010.08.11"]
[Round "5"]
[White "Dovzik, Juri"]
[Black "Fabre, Mathias"]
[Result "1-0"]
[WhiteElo "2381"]
[BlackElo "2097"]
[PlyCount "53"]
[EventDate "2010.08.09"]
[SourceDate "2010.08.11"]

1. e4 c5 2. Nf3 d6 3. c3 Nf6 4. Bd3 Bg4 5. h3 Bxf3 6. Qxf3 Nc6 7. O-O g6 8. Bc2
Bg7 9. d3 O-O 10. Re1 Nd7 11. Nd2 b5 12. Nf1 b4 13. Bd2 Rb8 14. Ne3 bxc3 15.
bxc3 Qa5 16. Nc4 Qa6 17. Bb3 Nde5 18. Qe3 Nxc4 19. Bxc4 Qa3 20. Bb3 e6 21. Kh2
Rb6 22. Red1 Nd4 23. cxd4 Bxd4 24. Qe1 Bxa1 25. Rxa1 d5 26. Bh6 Rfb8 27. exd5
1-0

[Event "Tournoi des Jeunes Maitres"]
[Site "?"]
[Date "2010.08.11"]
[Round "5"]
[White "Hajnal, Zoltan"]
[Black "de Seroux, Camille"]
[Result "1-0"]
[WhiteElo "2397"]
[BlackElo "2008"]
[PlyCount "145"]
[EventDate "2010.08.09"]
[SourceDate "2010.08.11"]

1. e4 e5 2. Nf3 d6 3. d4 Nd7 4. Bc4 c6 5. O-O Be7 6. dxe5 dxe5 7. Ng5 Bxg5 8.
Qh5 Qe7 9. Bxg5 Ngf6 10. Qh4 O-O 11. Nd2 h6 12. Be3 Re8 13. Rae1 Nf8 14. f3 Be6
15. Qf2 b6 16. Rd1 Rad8 17. Bd3 Ng6 18. g3 Bc8 19. a4 Nh7 20. a5 c5 21. axb6
axb6 22. b4 Ng5 23. Bxg5 Qxg5 24. Kh1 cxb4 25. Nc4 Bh3 26. Rg1 Be6 27. Nxb6 Rd4
28. Nd5 Qd8 29. Bb5 Rxd1 30. Rxd1 Rf8 31. Qc5 Qc8 32. Qxc8 Rxc8 33. Nxb4 Rb8
34. c4 Bxc4 35. Bxc4 Rxb4 36. Rd8+ Nf8 37. Bd5 Ra4 38. Re8 Ra7 39. Rxe5 g6 40.
f4 Kg7 41. Re8 h5 42. Rb8 Nd7 43. Rb7 Rxb7 44. Bxb7 Kf6 45. Bc6 Nf8 46. Bd5 Nd7
47. Kg2 Ke7 48. Kf3 Nf6 49. Bc4 Ng4 50. h3 Nf6 51. Ke3 Nd7 52. Kd4 Nf6 53. Bb5
Ke6 54. Ba4 Nh7 55. Bb3+ Ke7 56. Ke5 Nf6 57. Ba4 Nh7 58. Kd4 Nf6 59. e5 Nh7 60.
Ke4 Kf8 61. Bd1 Ke7 62. h4 f6 63. Bb3 Nf8 64. Bg8 Nd7 65. Bh7 Nf8 66. Bg8 Nd7
67. e6 f5+ 68. Kd4 Nf6 69. Bf7 Ne4 70. Ke5 Nxg3 71. Bxg6 Kf8 72. Kf6 Ne4+ 73.
Kxf5 1-0

[Event "Tournoi des Jeunes Maitres"]
[Site "?"]
[Date "2010.08.13"]
[Round "6"]
[White "Duport, Nicolas"]
[Black "Okhotnik, Vladimir"]
[Result "0-1"]
[WhiteElo "2128"]
[BlackElo "2467"]
[PlyCount "70"]
[EventDate "2010.08.09"]
[SourceDate "2010.08.13"]

1. d4 Nf6 2. c4 g6 3. Nf3 Bg7 4. g3 c6 5. Bg2 d5 6. cxd5 cxd5 7. Ne5 O-O 8. Nc3
Nc6 9. Nxc6 bxc6 10. O-O Bf5 11. Bf4 Qb6 12. Na4 Qb5 13. Rc1 Nd7 14. b3 e5 15.
dxe5 Nxe5 16. Qd2 Rfe8 17. Rc5 Qb7 18. Rfc1 Rac8 19. Ra5 Nd7 20. Be3 a6 21. Nc5
Nxc5 22. Bxc5 Be4 23. Bh3 Rcd8 24. f3 Bf5 25. Bxf5 gxf5 26. Qg5 h6 27. Qxf5
Rxe2 28. Ra4 d4 29. Qg4 d3 30. Bd4 f5 31. Qh4 Rxd4 32. Rxd4 Qa7 33. Qd8+ Kh7
34. Rcc4 d2 35. Kf1 d1=Q+ 0-1